000 00426cam a2200157ua 4500
041 _aeng
_h
082 _a631.4
_bBHA/IN
100 _aBhattacharjee, J C .
245 _aIntroduction to pedology, Vol 1: Soil genesis /
_cJ C Bhattacharjee.
_hTextual Documents
250 _a /
_b.
260 _aMumbai :
_bOxford & IBH Book Company ,
_c1997.
300 _a299 ;
_eCD.
504 _a
942 _cBK
999 _c13299
_d13299